The caste system of northern India: (Record no. 20953)

MARC details
000 -LEADER
fixed length control field 00798cam a2200265 4500
001 - CONTROL NUMBER
control field 769766
003 - CONTROL NUMBER IDENTIFIER
control field BDDh-ASL
005 - DATE AND TIME OF LATEST TRANSACTION
control field 20231015025943.0
008 - FIXED-LENGTH DATA ELEMENTS--GENERAL INFORMATION
fixed length control field 700709s1969 ii b 001 0 eng
010 ## - LIBRARY OF CONGRESS CONTROL NUMBER
LC control number 71903765
040 ## - CATALOGING SOURCE
Original cataloging agency DLC
Transcribing agency DLC
Modifying agency DLC
-- BDDh-ASL
043 ## - GEOGRAPHIC AREA CODE
Geographic area code a-ii---
050 00 - LIBRARY OF CONGRESS CALL NUMBER
Classification number DS422.C3
Item number B6 1969
082 ## - DEWEY DECIMAL CLASSIFICATION NUMBER
Classification number 301.44
Item number BLC
100 1# - MAIN ENTRY--PERSONAL NAME
Personal name Blunt, Edward,
Titles and words associated with a name Sir,
Dates associated with a name 1877-1941.
245 14 - TITLE STATEMENT
Title The caste system of northern India:
Remainder of title with special reference to the United Provinces of Agra and Oudh /
260 ## - PUBLICATION, DISTRIBUTION, ETC.
Place of publication, distribution, etc. Delhi:
Name of publisher, distributor, etc. S. Chand,
Date of publication, distribution, etc. 1969.
300 ## - PHYSICAL DESCRIPTION
Extent vii, 374 p.
Dimensions 23 cm.
350 ## - PRICE (NR) (BK AM CF MU VM SE) [OBSOLETE]
Price 30.00
504 ## - BIBLIOGRAPHY, ETC. NOTE
Bibliography, etc. note Bibliographical footnotes.
650 #0 - SUBJECT ADDED ENTRY--TOPICAL TERM
Topical term or geographic name entry element Caste
Geographic subdivision India.
650 #0 - SUBJECT ADDED ENTRY--TOPICAL TERM
Topical term or geographic name entry element Caste
Geographic subdivision India
-- Uttar Pradesh.
906 ## - LOCAL DATA ELEMENT F, LDF (RLIN)
a 7
b cbc
c orignew
d u
e ncip
f 19
g y-gencatlg
942 ## - ADDED ENTRY ELEMENTS (KOHA)
Source of classification or shelving scheme Dewey Decimal Classification
Koha item type Books
Holdings
Withdrawn status Lost status Source of classification or shelving scheme Damaged status Not for loan Collection code Home library Current library Shelving location Date acquired Source of acquisition Total Checkouts Full call number Barcode Date last seen Copy number Price effective from Koha item type Public note
    Dewey Decimal Classification   Not For Loan Non-fiction Asiatic Society Library Asiatic Society Library General Stacks 01/17/2021 ASB Collection   301.44 BLC 104465 01/17/2021 C-1 01/17/2021 Books RARE

Powered by Koha